| 000 | 01627nam a2200385Ki 4500 | ||
|---|---|---|---|
| 001 | vtls003255346 | ||
| 003 | MY-SjTCS | ||
| 005 | 20200226115913.0 | ||
| 006 | m o d | ||
| 007 | cr cnu---unuuu | ||
| 008 | 131219s2013 stka ob 001 0 eng d | ||
| 020 | _z9780443062414 | ||
| 020 | _z0443062412 | ||
| 035 | _a(OCoLC)863440555 | ||
| 035 | _a(OCoLC)ocn863440555 | ||
| 039 | 9 |
_a201809071409 _bVLOAD _y201312191439 _zshuhada |
|
| 082 | 0 | 4 |
_a615.32 _223 |
| 100 | 1 |
_aTisserand, Robert, _eauthor. |
|
| 245 | 1 | 0 |
_aEssential oil safety : _ba guide for health care professionals. |
| 250 |
_aSecond edition / _bRobert Tisserand, Rodney Young. |
||
| 264 | 1 |
_aEdinburgh : _bChurchill Livingstone, _c2013. |
|
| 300 | _a1 online resource. | ||
| 336 |
_atext _btxt _2rdacontent |
||
| 337 |
_acomputer _bc _2rdamedia |
||
| 338 |
_aonline resource _bcr _2rdacarrier |
||
| 500 | _aPrevious edition: published as by Robert Tisserand, Tony Balacs. Edinburgh: Churchill Livingstone, 1995. | ||
| 504 | _aIncludes bibliographical references and index. | ||
| 588 | _aDescription based on print version record. | ||
| 650 | 0 |
_aEssences and essential oils _xTherapeutic use. _956545 |
|
| 650 | 0 |
_aEssences and essential oils _xSafety measures. |
|
| 655 | 4 | _aElectronic books. | |
| 700 | 1 |
_aYoung, Rodney, _eauthor. |
|
| 776 | 0 | 8 |
_iPrint version: _aTisserand, Robert, author. _tEssential oil safety. _bSecond edition _z9780443062414 _w(OCoLC)853505858 |
| 856 | 4 | 0 |
_uhttps://ezproxy.taylors.edu.my/login?url=http://www.sciencedirect.com/science/book/9780443062414 _zAn electronic book accessible through the World Wide Web; click to view |
| 999 | _c155814 | ||